000 00937nam a2200253Ia 4500
003 OSt
005 20221005104916.0
006 a|||||r|||| 00| 0
007 ta
008 221004b |||||||| |||| 00| 0 hin d
020 _a9788177112641 (hbk)
_c170
024 _a105858
037 _b12962, 19/03/2011, Kitab Ghar
_cTextual
040 _aCRL
_cCRL
_bhin
041 _2hin
_ahin
082 _aS, 152L9;Q1
100 _aमिश्रा, एस.
245 0 _aअधिगम का मनोविज्ञान - सामाजिक आधार एवं शिक्षण
246 _aAdhigam kā manovijnyān - sāmājik ādhār evan shikṣhaṇa
260 _aदिल्ली
_bसाहित्यागार भारत
_c2011
300 _a279पृ0
_ccm.
942 _hS, 152L9;Q1
_cTEXL
_2cc
999 _c1014157
_d1014157